000 nam a22 a 4500
999 _c130157
_d130157
003 BLK
005 20220818101842.0
008 180409b bul|||||r ||||||| ||bul||
010 _aKNG00135915000
040 _aBLK
041 _aBUL
_cBUL
080 _aМеждународно икономическо сътрудничество. Международна икономическа интеграция. Трансфер на технологии (икон. аспекти)
_b339.92
_x(497.2:47+57)
_z339.92(497.2:47+57)
100 1 _aБожков, Цвятко Ангелов
_eпърви автор
_9322041
139 _aБожков, Цвятко Ангелов
_bБ 57
245 1 0 _aИкономическата интеграция на България със Съветския съюз
_bОчерк
_cЦвятко Ангелов Божков.
257 _aBGR
260 _bПрофиздат
_c1973
_aСофия
300 _a71 с. с табл.
_c19 см
380 _a3
500 _a5 156 тир. - Библиогр. с. 66-68.
650 4 _aИкономическа интеграция - България със СССР
_9322042
650 4 _aБългария и СССР
_9269930
651 4 _aБългария
_9241624
651 4 _aСССР
_9179592
653 _aикономическа интеграция
653 _aБългария
653 _aСССР
653 _aочерци
852 _aЦб 71232
_bЦб
856 4 _qpdf
856 4 _qpdf
942 _cKNG
_n0
_s1
944 _aCR
_c07.11.2012
_l07.11.2012 - от С1,Р / 07.11.2012
_kКамелия_Данева
944 _aED
_c07.11.2012
_l07.11.2012 - от С1,Р / 07.11.2012
944 _aED
_c2022-08-18
_l2022-08-18
999 _d130157